000 00324nam a2200133Ia 4500
008 191201s1980 xx 000 0 und d
082 _a621.8
_bSHM
100 _aPANDEY ,P C
245 0 _aModern Machining Processes
260 _aN.Delhi
_bTata Mc Graw Hill
_c1980
300 _a168
650 _aB.Tech(IT)
942 _2ddc
_cBK
999 _c3256
_d3256